Un dique contra el Pacífico / (Record no. 58430)

MARC details
000 -LEADER
campo de control de longitud fija 00663nam a2200217 i 4500
001 - NÚMERO DE CONTROL
campo de control 58430
003 - IDENTIFICADOR DE NÚMERO DE CONTROL
campo de control ES-MaACL
007 - CAMPO FIJO DE DESCRIPCIÓN FÍSICA--INFORMACIÓN GENERAL
campo de control de longitud fija t|
008 - DATOS DE LONGITUD FIJA--INFORMACIÓN GENERAL
campo de control de longitud fija 031022s1985 sp ||||1| spa d
020 ## - NÚMERO INTERNACIONAL ESTÁNDAR DEL LIBRO
Número Internacional Estándar del Libro 84-86311-07-1
100 0# - ENTRADA PRINCIPAL--NOMBRE DE PERSONA
Nombre de persona Duras, Marguerite,
Fechas asociadas al nombre 1914-1996
9 (RLIN) 46279
245 13 - MENCIÓN DEL TÍTULO
Título Un dique contra el Pacífico /
Mención de responsabilidad, etc. Marguerite Duras ; [traducción de Oscar Collazos].
250 ## - MENCION DE EDICION
Mención de edición [1ª ed.].
260 ## - PUBLICACIÓN, DISTRIBUCIÓN, ETC.
Lugar de publicación, distribución, etc. Barcelona :
Nombre del editor, distribuidor, etc. Versal,
Fecha de publicación, distribución, etc. 1985.
300 ## - DESCRIPCIÓN FÍSICA
Extensión 271 p. ;
Dimensiones 23 cm.
490 1# - MENCIÓN DE SERIE
Mención de serie Biblioteca del corondel
700 1# - ENTRADA AGREGADA--NOMBRE PERSONAL
Nombre de persona Collazos, Oscar.
9 (RLIN) 39682
830 0# - PUNTO DE ACCESO ADICIONAL DE SERIE-TÍTULO UNIFORME
Título uniforme Biblioteca del corondel
9 (RLIN) 178070
852 ## - LOCALIZACIÓN
Ubicación ES-MaACL
Número de control de estantería L-9490
Sublocalización o colección R.109279
Holdings
Estatus retirado Estado de pérdida Estado de daño No para préstamo Biblioteca de origen Biblioteca actual Ubicación en estantería Fecha de adquisición Fuente de adquisición Total de préstamos Signatura topográfica completa Código de barras Visto por última vez Precio de reemplazo Tipo de ítem Koha
        Biblioteca del Ateneo de Madrid Biblioteca del Ateneo de Madrid Depósito 2 17/01/2008     L-9490 1061309 23/02/2023 23/02/2023 Libro impreso